[Event "XII Weekend Nervi"]
[Site "Genova ITA"]
[Date "2005.02.12"]
[Round "4"]
[White "Galeazzi, Matteo"]
[Black "Brun, Dario"]
[Result "0-1"]
[WhiteElo "1428"]
[BlackElo "1853"]
[PlyCount "30"]
[EventDate "2005.02.05"]

1. e4 e5 2. Nf3 Nc6 3. Bb5 a6 4. Ba4 Nf6 5. O-O Be7 6. Re1 b5 7. Bb3 O-O 8. c3
d5 9. d3 dxe4 10. dxe4 Qxd1 11. Bxd1 Be6 12. Bg5 Rfd8 13. Bxf6 Bxf6 14. h3 Rd6
15. Re2 Rxd1+ 0-1

[Event "XII Weekend Nervi"]
[Site "Genova ITA"]
[Date "2005.02.12"]
[Round "4"]
[White "Manfredi, Vincenzo"]
[Black "Cirabisi, Federico"]
[Result "1/2-1/2"]
[WhiteElo "2185"]
[BlackElo "2107"]
[PlyCount "68"]
[EventDate "2005.02.05"]

1. d4 d5 2. Nf3 e6 3. c4 c6 4. g3 Bd6 5. Bg2 f5 6. O-O Nf6 7. b3 O-O 8. Ba3
Bxa3 9. Nxa3 Ne4 10. Nc2 Rf6 11. Nce1 Rh6 12. e3 Bd7 13. Ne5 Be8 14. N1d3 Nd7
15. f3 Nef6 16. Qd2 Nxe5 17. Nxe5 Nd7 18. Nxd7 Qxd7 19. Rad1 Bh5 20. Qb4 g5 21.
Rd2 g4 22. fxg4 Bxg4 23. Rf4 Re8 24. e4 dxe4 25. Bxe4 Qg7 26. Bg2 e5 27. dxe5
Qxe5 28. Rdf2 Rd8 29. h4 b6 30. c5 b5 31. a4 a6 32. axb5 axb5 33. Qa5 Re8 34.
Qd2 Rhe6 1/2-1/2

[Event "XII Weekend Nervi"]
[Site "Genova ITA"]
[Date "2005.02.12"]
[Round "4"]
[White "Mangili, Davide"]
[Black "Gromovs, Sergejs"]
[Result "0-1"]
[WhiteElo "1880"]
[BlackElo "2335"]
[PlyCount "45"]
[EventDate "2005.02.05"]

1. d4 Nf6 2. Nf3 e6 3. c4 c5 4. e3 d5 5. Nc3 Nc6 6. b3 cxd4 7. exd4 Bb4 8. Bd2
dxc4 9. Bxc4 Nxd4 10. Nxd4 Qxd4 11. Rc1 O-O 12. Nb5 Bxd2+ 13. Qxd2 Qxd2+ 14.
Kxd2 Bd7 15. f3 a6 16. Nc3 Rfd8 17. Ke3 Bc6 18. Rhd1 Kf8 19. a4 Ke7 20. a5 Rxd1
21. Rxd1 Rc8 22. Ne2 Bd5 23. Kd4 0-1

[Event "XII Weekend Nervi"]
[Site "Genova ITA"]
[Date "2005.02.12"]
[Round "4"]
[White "Pesce, Gabriele"]
[Black "Merlo, Andrea"]
[Result "1/2-1/2"]
[WhiteElo "1802"]
[BlackElo "1673"]
[PlyCount "67"]
[EventDate "2005.02.05"]

1. e4 e5 2. Nf3 Nc6 3. Bb5 a6 4. Ba4 Nf6 5. O-O Be7 6. Re1 b5 7. Bb3 d6 8. c3
O-O 9. h3 Na5 10. Bc2 c5 11. d4 cxd4 12. cxd4 Qc7 13. Bg5 h6 14. Bxf6 Bxf6 15.
d5 Bd7 16. Nbd2 Nc4 17. Nxc4 bxc4 18. Ba4 Rab8 19. Bxd7 Qxd7 20. Qc2 Rfc8 21.
Re3 Rc5 22. Rc3 Rbc8 23. Rc1 Qb5 24. Qe2 Bd8 25. b3 cxb3 26. Qxb5 axb5 27. Rxc5
Rxc5 28. Rxc5 dxc5 29. axb3 Bc7 30. Kf1 Kf8 31. Ke2 Ke7 32. Ne1 Kd6 33. Nd3 Bb6
34. Nb2 1/2-1/2

[Event "XII Weekend Nervi"]
[Site "Genova ITA"]
[Date "2005.02.12"]
[Round "4"]
[White "Tamburini, Lorenzo"]
[Black "Ricci, Massimo"]
[Result "1-0"]
[WhiteElo "2086"]
[BlackElo "1736"]
[PlyCount "40"]
[EventDate "2005.02.05"]

1. e4 e6 2. Nf3 d5 3. Nc3 c5 4. exd5 exd5 5. Bb5+ Nc6 6. d4 Bg4 7. dxc5 d4 8.
Qxd4 Bxf3 9. Qe3+ Be7 10. Qxf3 Nf6 11. Bxc6+ bxc6 12. Qxc6+ Nd7 13. Ne4 O-O 14.
Be3 Ne5 15. Qa4 Rb8 16. O-O a5 17. Bd2 Qd5 18. Bc3 Nc6 19. Rad1 Qe6 20. Nd6 Qd7
1-0

[Event "XII Weekend Nervi"]
[Site "Genova ITA"]
[Date "2005.02.13"]
[Round "5"]
[White "Astengo, Marcello"]
[Black "Brun, Dario"]
[Result "0-1"]
[WhiteElo "2074"]
[BlackElo "1853"]
[PlyCount "62"]
[EventDate "2005.02.05"]

1. d4 d5 2. c4 c6 3. Nc3 Nf6 4. Bf4 dxc4 5. e4 b5 6. f3 e6 7. Nge2 Bb7 8. g4 h6
9. Ng3 Nbd7 10. Bg2 Qb6 11. Be3 Be7 12. O-O g6 13. Qd2 c5 14. d5 exd5 15. Nxd5
Nxd5 16. exd5 Nf6 17. Bxh6 O-O-O 18. Bg5 Nxd5 19. Bxe7 Nxe7 20. Qf4 Nd5 21. Qc1
Rhe8 22. Ne4 f5 23. gxf5 gxf5 24. Bh3 Qg6+ 25. Kh1 Qh5 26. Kg2 Rh8 27. Ng5 Rdg8
28. Bxf5+ Kb8 29. h3 Rxg5+ 30. Bg4 Qxh3+ 31. Kf2 Qh2+ 0-1

[Event "XII Weekend Nervi"]
[Site "Genova ITA"]
[Date "2005.02.13"]
[Round "5"]
[White "Bavosi, Mariano"]
[Black "Pesce, Gabriele"]
[Result "0-1"]
[WhiteElo "1592"]
[BlackElo "1802"]
[PlyCount "69"]
[EventDate "2005.02.05"]

1. c4 e5 2. g3 Nf6 3. Bg2 d5 4. cxd5 Nxd5 5. Nc3 Nb6 6. e3 Nc6 7. Nge2 Be7 8.
O-O O-O 9. a3 a5 10. Qc2 Be6 11. Nb5 a4 12. Bxc6 bxc6 13. Qxc6 Bd7 14. Qc2 Bxb5
15. Re1 Bxe2 16. Rxe2 Ra5 17. d4 Qd7 18. Bd2 Rd5 19. Bc3 Bf6 20. dxe5 Bxe5 21.
Bb4 Rd8 22. f4 Rd1+ 23. Rxd1 Qxd1+ 24. Kf2 Qxc2 25. Rxc2 Bd6 26. Rd2 f5 27. Rd4
Kf7 28. e4 c5 29. Rxd6 Rxd6 30. Bxc5 Rd2+ 31. Ke3 Rxb2 32. e5 Nd7 33. Bd4 Rxh2
34. e6+ Kxe6 35. Bxg7 0-1

[Event "XII Weekend Nervi"]
[Site "Genova ITA"]
[Date "2005.02.13"]
[Round "5"]
[White "Bellani, Alessandro"]
[Black "Manfredi, Vincenzo"]
[Result "0-1"]
[WhiteElo "1919"]
[BlackElo "2185"]
[PlyCount "94"]
[EventDate "2005.02.05"]

1. d4 Nf6 2. c4 g6 3. Nc3 Bg7 4. e4 d6 5. f3 O-O 6. Be3 b6 7. Bd3 a6 8. Nge2 c5
9. Qd2 Nc6 10. Rd1 Ng4 11. fxg4 cxd4 12. Nxd4 Nxd4 13. g5 b5 14. O-O Bg4 15.
Rde1 Be6 16. Bb1 Nc6 17. cxb5 axb5 18. Nd5 Bxd5 19. exd5 Ne5 20. b3 Ng4 21. Bd4
Bxd4+ 22. Qxd4 Ne5 23. Re3 Qb8 24. Kh1 Qa7 25. Qe4 Rfc8 26. Rh3 Qf2 27. Rd1 Rc7
28. Re3 Rac8 29. Ree1 Rc3 30. Rf1 Qc5 31. h4 Rg3 32. Rf4 Re3 33. Qd4 Qc3 34.
Qxc3 Rcxc3 35. Rb4 Re2 36. a4 bxa4 37. bxa4 Rh3+ 38. Kg1 Rg3 39. Be4 Rg4 40.
Rdd4 Rxh4 41. a5 Ng4 42. Rb1 Nf2 43. g3 Rhxe4 44. a6 Nh3+ 45. Kh1 Rxd4 46. a7
Ra4 47. g4 Nxg5 0-1

[Event "XII Weekend Nervi"]
[Site "Genova ITA"]
[Date "2005.02.13"]
[Round "5"]
[White "Gromovs, Sergejs"]
[Black "Cirabisi, Federico"]
[Result "1-0"]
[WhiteElo "2335"]
[BlackElo "2107"]
[PlyCount "82"]
[EventDate "2005.02.05"]

1. d4 d5 2. Nf3 e6 3. c4 c6 4. Nc3 f5 5. g4 Nf6 6. gxf5 Bb4 7. Rg1 Ne4 8. Bd2
Bxc3 9. bxc3 Qf6 10. fxe6 O-O 11. cxd5 cxd5 12. Bh3 Nc6 13. Rg2 Bxe6 14. Bxe6+
Qxe6 15. Ng5 Qf5 16. Nxe4 Qxe4 17. Kf1 Rae8 18. f3 Na5 19. Kg1 Qe6 20. Qe1 Rf6
21. Qh4 Nc4 22. Bg5 Rg6 23. Re1 Nd6 24. Bf4 Rxg2+ 25. Kxg2 Nf5 26. Qg4 Rf8 27.
Kf2 Nxd4 28. Qxe6+ Nxe6 29. Be5 Rf5 30. Bb8 a6 31. Rd1 Nc5 32. Ke3 Kf7 33. f4
Nd7 34. Bc7 Nf6 35. h3 Rh5 36. Rh1 Ke6 37. Kd4 Rh4 38. Rg1 g6 39. Rg3 Kd7 40.
Ba5 Nh5 41. Rf3 Kc6 1-0

[Event "XII Weekend Nervi"]
[Site "Genova ITA"]
[Date "2005.02.13"]
[Round "5"]
[White "Squarci, Franco"]
[Black "Tamburini, Lorenzo"]
[Result "0-1"]
[WhiteElo "1873"]
[BlackElo "2086"]
[PlyCount "60"]
[EventDate "2005.02.05"]

1. Nf3 Nf6 2. d4 e6 3. Nbd2 c5 4. c3 Nc6 5. e3 Be7 6. Bd3 O-O 7. O-O b6 8. Qc2
h6 9. Ne4 Nxe4 10. Bxe4 Ba6 11. Rd1 Qc7 12. d5 exd5 13. Bxd5 Bf6 14. e4 Rad8
15. Be3 Ne7 16. c4 Nxd5 17. Rxd5 Bb7 18. Rf5 Rfe8 19. Bf4 Qc6 20. Re1 Rxe4 21.
Rd1 Qe6 22. Rxf6 Qxf6 23. Bc7 Rde8 24. Qd2 Re2 25. Qxd7 Bxf3 26. gxf3 Qxf3 27.
Rf1 Re1 28. Qd5 Rxf1+ 29. Kxf1 Qh3+ 30. Qg2 Re1+ 0-1

[Event "XII Weekend Nervi"]
[Site "Genova ITA"]
[Date "2005.02.13"]
[Round "6"]
[White "Brun, Dario"]
[Black "Tamburini, Lorenzo"]
[Result "1/2-1/2"]
[WhiteElo "1853"]
[BlackElo "2086"]
[PlyCount "74"]
[EventDate "2005.02.05"]

1. d4 Nf6 2. c4 e6 3. Nf3 b6 4. g3 Ba6 5. Qa4 Bb7 6. Bg2 c5 7. dxc5 Bxc5 8. O-O
O-O 9. Nc3 Be7 10. Bf4 Nh5 11. Be3 Na6 12. Ne5 Bxg2 13. Kxg2 Nb8 14. Rfd1 d6
15. Nb5 Qe8 16. Nf3 Qc6 17. Qb3 Nd7 18. Nbd4 Qb7 19. Nb5 Nc5 20. Bxc5 dxc5 21.
Nd6 Qc6 22. Qb5 Qc7 23. Ne4 Rfd8 24. Qb3 Qc6 25. Qe3 Nf6 26. Nc3 Kf8 27. Kg1 h6
28. Ne5 Qb7 29. f3 Nd7 30. Rxd7 Rxd7 31. Qf4 Bf6 32. Nxd7+ Qxd7 33. Rd1 Qe7 34.
Kf1 Rd8 35. Rxd8+ Qxd8 36. Qc1 Qd7 37. Qd1 Ke7 1/2-1/2

[Event "XII Weekend Nervi"]
[Site "Genova ITA"]
[Date "2005.02.13"]
[Round "6"]
[White "Cirabisi, Federico"]
[Black "Mangili, Davide"]
[Result "1-0"]
[WhiteElo "2107"]
[BlackElo "1880"]
[PlyCount "127"]
[EventDate "2005.02.05"]

1. e4 c6 2. d4 d5 3. exd5 cxd5 4. Bd3 Nf6 5. c3 e6 6. Nf3 Be7 7. Nbd2 a6 8. O-O
O-O 9. Ne5 Nc6 10. f4 g6 11. Rf3 Nh5 12. Nf1 Nxe5 13. dxe5 b5 14. Be3 Bb7 15.
Rh3 Ng7 16. g4 Rc8 17. Bd4 Bc5 18. Nd2 Qb6 19. Nb3 Bxd4+ 20. cxd4 Rfd8 21. Qd2
h5 22. gxh5 Nxh5 23. Rf1 Kf8 24. f5 exf5 25. Bxf5 gxf5 26. Rxh5 Qg6+ 27. Qg5
Qxg5+ 28. Rxg5 Rc6 29. Rfxf5 Bc8 30. Rf4 Rc2 31. Rg2 Rxg2+ 32. Kxg2 Ke7 33. Rf3
Rh8 34. Nc5 Rh4 35. Nb3 Re4 36. Rc3 Kd8 37. Rc6 Re2+ 38. Kg3 Rxb2 39. h4 Bf5
40. Rxa6 Rb1 41. Rd6+ Ke7 42. Rxd5 Rg1+ 43. Kf2 Rg4 44. Rxb5 Rxh4 45. Kg3 Rh1
46. d5 Re1 47. Rb7+ Kd8 48. Rxf7 Rxe5 49. Kf4 Bg6 50. Kxe5 Bxf7 51. Nc5 Bxd5
52. Kxd5 Kc7 53. Nb3 Kb6 54. Kc4 Kc6 55. Kb4 Kb6 56. Nd4 Ka6 57. a4 Kb6 58. a5+
Ka6 59. Nb3 Ka7 60. Kb5 Kb8 61. Nd4 Kb7 62. Ne6 Ka7 63. a6 Ka8 64. Kb6 1-0

[Event "XII Weekend Nervi"]
[Site "Genova ITA"]
[Date "2005.02.13"]
[Round "6"]
[White "Manfredi, Vincenzo"]
[Black "Gromovs, Sergejs"]
[Result "0-1"]
[WhiteElo "2185"]
[BlackElo "2335"]
[PlyCount "78"]
[EventDate "2005.02.05"]

1. d4 Nf6 2. c4 g6 3. Nc3 Bg7 4. e4 O-O 5. Be3 d6 6. f3 c5 7. dxc5 dxc5 8. e5
Nfd7 9. f4 e6 10. Nf3 Nc6 11. Qd6 Re8 12. O-O-O Qa5 13. Qd2 a6 14. Kb1 b5 15.
Ne4 Qb6 16. h4 Rd8 17. Qc1 Bb7 18. Nd6 Ncxe5 19. Nxb7 Qxb7 20. fxe5 Nxe5 21.
Be2 Qe4+ 22. Ka1 Ng4 23. Ng5 Qxe3 24. Bxg4 Qxc1+ 25. Rxc1 Rd2 26. Rc3 Bxc3 27.
bxc3 Rad8 28. Bf3 bxc4 29. h5 Rb8 30. Ne4 Rc2 31. h6 Rbb2 32. g4 Rxa2+ 33. Kb1
Rcb2+ 34. Kc1 Rh2 35. Nf6+ Kh8 36. Rxh2 Rxh2 37. g5 Rh3 38. Bb7 Rxc3+ 39. Kb2
Rb3+ 0-1

[Event "XII Weekend Nervi"]
[Site "Genova ITA"]
[Date "2005.02.13"]
[Round "6"]
[White "Merlo, Andrea"]
[Black "Astengo, Marcello"]
[Result "0-1"]
[WhiteElo "1673"]
[BlackElo "2074"]
[PlyCount "76"]
[EventDate "2005.02.05"]

1. d4 d5 2. c4 e6 3. Nc3 c6 4. cxd5 exd5 5. Nf3 Nf6 6. Bg5 Nbd7 7. e3 Qa5 8.
Bd3 Ne4 9. Qc2 f5 10. Bxe4 fxe4 11. Nd2 Bd6 12. Qb3 Nf6 13. Rc1 Qa6 14. Bxf6
gxf6 15. Nxd5 cxd5 16. Qxd5 f5 17. Nc4 Ke7 18. O-O Be6 19. Qxd6+ Qxd6 20. Nxd6
Kxd6 21. a3 Rhc8 22. f3 Rxc1 23. Rxc1 Rc8 24. Rxc8 Bxc8 25. fxe4 fxe4 26. Kf2
Kd5 27. b3 Bd7 28. h3 Bb5 29. Ke1 Bd3 30. Kd2 Bf1 31. h4 Bxg2 32. Kc3 Bf3 33.
b4 b5 34. Kd2 Kc4 35. Kc2 h5 36. Kd2 Kb3 37. d5 Bg4 38. d6 Bf5 0-1

[Event "XII Weekend Nervi"]
[Site "Genova ITA"]
[Date "2005.02.13"]
[Round "6"]
[White "Pesce, Gabriele"]
[Black "Bellani, Alessandro"]
[Result "1-0"]
[WhiteElo "1802"]
[BlackElo "1919"]
[PlyCount "75"]
[EventDate "2005.02.05"]

1. e4 c5 2. Nc3 Nc6 3. f4 e6 4. Nf3 Nge7 5. Bb5 a6 6. Bxc6 Nxc6 7. d3 Qb6 8.
O-O d6 9. Kh1 Bd7 10. f5 Be7 11. Qe1 h5 12. Qf2 Bf6 13. fxe6 fxe6 14. Qg3 Ne7
15. e5 h4 16. Qe1 dxe5 17. Nxe5 Rh5 18. Nxd7 Kxd7 19. Ne4 Nf5 20. Nxf6+ gxf6
21. Rf3 Rg8 22. Bf4 Nd4 23. Rf2 e5 24. c3 Nf5 25. Qe4 Rg4 26. Qd5+ Ke7 27. Re1
Ng3+ 28. Kg1 e4 29. Qb3 Qa7 30. hxg3 hxg3 31. Rxe4+ Re5 32. Rxe5+ fxe5 33. Bxg3
c4 34. Qb4+ Ke6 35. Bxe5 Kxe5 36. Qe7+ Kd5 37. Qd7+ Kc5 38. Qxg4 1-0

[Event "IX Weekend A"]
[Site "Catania ITA"]
[Date "2005.02.12"]
[Round "1"]
[White "De Marco, Ivan"]
[Black "Santagati, Alessandro"]
[Result "0-1"]
[WhiteElo "1884"]
[BlackElo "2107"]
[PlyCount "64"]
[EventDate "2005.02.12"]

1. e4 c5 2. Nf3 Nc6 3. d4 cxd4 4. Nxd4 Nf6 5. Nc3 d6 6. Bg5 Qb6 7. Bxf6 gxf6 8.
Nb3 h5 9. Be2 h4 10. h3 Rg8 11. Nd5 Qd8 12. Bg4 e6 13. Ne3 Ne5 14. Be2 Bh6 15.
Ng4 Nxg4 16. hxg4 Bg5 17. Qd4 Qb6 18. Rd1 Ke7 19. Rh3 Bd7 20. Rhd3 Bf4 21. Qxb6
axb6 22. a3 Bc6 23. f3 Rh8 24. Bf1 Bb5 25. Rd4 Bxf1 26. Kxf1 h3 27. gxh3 Rxh3
28. R4d3 Rah8 29. Re1 Rh2 30. Rc3 Bg3 31. Re2 Rh1+ 32. Kg2 Bf4 0-1

[Event "IX Weekend A"]
[Site "Catania ITA"]
[Date "2005.02.12"]
[Round "1"]
[White "Gangemi, Salvatore"]
[Black "Seminara, Antonio"]
[Result "1-0"]
[WhiteElo "2102"]
[BlackElo "1884"]
[PlyCount "93"]
[EventDate "2005.02.12"]

1. c4 e6 2. Nf3 d5 3. d4 c6 4. Nc3 Nf6 5. cxd5 exd5 6. Bg5 Be7 7. Qc2 Nbd7 8.
e3 h6 9. Bh4 O-O 10. Bd3 Re8 11. O-O Ne4 12. Bg3 Nxg3 13. hxg3 Bd6 14. e4 dxe4
15. Nxe4 Nf6 16. Rfe1 Bg4 17. Re2 Nxe4 18. Bxe4 Bb4 19. a3 Ba5 20. b4 Bb6 21.
Rae1 Kf8 22. a4 a6 23. b5 Ba5 24. Qc5+ Re7 25. bxc6 Bxe1 26. cxb7 Bxf2+ 27.
Kxf2 Rb8 28. Rc2 Bxf3 29. gxf3 Kg8 30. Qxe7 Qxe7 31. Rc8+ Qd8 32. Rxd8+ Rxd8
33. Ke3 a5 34. Kd3 Kf8 35. Bf5 Rb8 36. Bc8 f5 37. Kc4 f4 38. g4 g5 39. Kd3 Ke7
40. Ke4 Kd6 41. d5 Kc7 42. Kf5 Kd6 43. Ke4 Kc7 44. Ke5 Rxc8 45. bxc8=Q+ Kxc8
46. Ke6 Kd8 47. d6 1-0

[Event "IX Weekend A"]
[Site "Catania ITA"]
[Date "2005.02.12"]
[Round "1"]
[White "Leonardi, Alfio"]
[Black "Imbraguglia, Fabio"]
[Result "0-1"]
[WhiteElo "1816"]
[BlackElo "2036"]
[PlyCount "66"]
[EventDate "2005.02.12"]

1. e4 c5 2. Nf3 Nc6 3. c3 Nf6 4. d3 d6 5. Bg5 e6 6. d4 cxd4 7. Bxf6 gxf6 8.
cxd4 f5 9. exf5 Qa5+ 10. Nc3 Qxf5 11. Qd3 Qxd3 12. Bxd3 Bg7 13. Ne2 a6 14. a3
b5 15. Rc1 Bb7 16. Be4 Rc8 17. Ng5 h6 18. Nf3 Kd7 19. Kd2 f5 20. Bb1 Na5 21.
Ba2 Bxf3 22. gxf3 Nc4+ 23. Bxc4 bxc4 24. Rc2 h5 25. Rg1 Bf6 26. Rg6 Ke7 27. Ke3
d5 28. Rc3 Rb8 29. Rc2 Rhg8 30. Rxg8 Rxg8 31. Ng3 f4+ 32. Kxf4 Bg5+ 33. Ke5 h4
0-1

[Event "IX Weekend A"]
[Site "Catania ITA"]
[Date "2005.02.12"]
[Round "1"]
[White "Pinton, Maurizio"]
[Black "Meli, Massimo"]
[Result "1-0"]
[WhiteElo "2107"]
[BlackElo "1907"]
[PlyCount "89"]
[EventDate "2005.02.12"]

1. d4 d5 2. e4 dxe4 3. Nc3 e3 4. fxe3 Nf6 5. Nf3 Bg4 6. Bc4 Nbd7 7. O-O e5 8.
dxe5 Bxf3 9. Qxf3 Nxe5 10. Qxb7 Rb8 11. Bb5+ Ned7 12. Qxa7 Be7 13. Rd1 O-O 14.
Qa4 Bd6 15. Bxd7 Nxd7 16. Qg4 Rb4 17. Rd4 f5 18. Qf3 Rxd4 19. exd4 Qh4 20. Qd5+
Kh8 21. g3 Qh5 22. Bd2 Nf6 23. Qg2 c5 24. Nb5 Bb8 25. d5 f4 26. gxf4 Nxd5 27.
Rf1 c4 28. Nc3 Ne7 29. Ne4 Ng6 30. Ng5 h6 31. Qh3 Qe2 32. Bc3 Ne5 33. Re1 Ba7+
34. Kh1 Qf2 35. fxe5 Bd4 36. Ne4 Qxc2 37. Bxd4 Rd8 38. Qc3 Qa4 39. e6 Rg8 40.
Rg1 Qc6 41. Bxg7+ Kh7 42. Qe5 Rc8 43. Qf5+ Kg8 44. Qf7+ Kh7 45. Bxh6+ 1-0

[Event "IX Weekend A"]
[Site "Catania ITA"]
[Date "2005.02.12"]
[Round "1"]
[White "Rosolia, Giuseppe"]
[Black "Casto, Corrado"]
[Result "0-1"]
[WhiteElo "1846"]
[BlackElo "2099"]
[PlyCount "62"]
[EventDate "2005.02.12"]

1. d4 Nf6 2. Nf3 d5 3. Bf4 c5 4. e3 Nc6 5. Be2 Qb6 6. b3 Bf5 7. a3 cxd4 8. exd4
e6 9. O-O Rc8 10. c4 dxc4 11. Bxc4 Rd8 12. Nc3 Nxd4 13. Nxd4 Rxd4 14. Bb5+ Nd7
15. Bxd7+ Rxd7 16. Qh5 Qxb3 17. Rfe1 Be7 18. Ne2 O-O 19. Ng3 Bg6 20. Qa5 Bf6
21. h4 Bxa1 22. Rxa1 Rd1+ 23. Rxd1 Qxd1+ 24. Kh2 Qg4 25. h5 Qxf4 26. hxg6 fxg6
27. Qxa7 Qxf2 28. Qxb7 h6 29. a4 Rf4 30. Qc8+ Kh7 31. Kh3 g5 0-1

[Event "IX Weekend A"]
[Site "Catania ITA"]
[Date "2005.02.12"]
[Round "1"]
[White "Russo, Alfio"]
[Black "Pierantozzi, Stanislao"]
[Result "0-1"]
[WhiteElo "1962"]
[BlackElo "1814"]
[PlyCount "87"]
[EventDate "2005.02.12"]

1. Nf3 Nf6 2. d4 d5 3. c4 c6 4. Nc3 e6 5. Bg5 Nbd7 6. e3 Bd6 7. Be2 O-O 8. O-O
Re8 9. Rc1 dxc4 10. Bxc4 b5 11. Bd3 Bb7 12. e4 e5 13. d5 cxd5 14. Nxb5 Qb6 15.
Nxd6 Qxd6 16. Bb5 Nxe4 17. Re1 Nxg5 18. Nxg5 Re7 19. Ne4 Qb6 20. Bxd7 Rxd7 21.
Qa4 Rad8 22. Nc5 Re7 23. b4 d4 24. Rcd1 Bc6 25. Qa3 f6 26. Kh1 Kh8 27. Qb3 Bd5
28. Qb2 a5 29. a3 axb4 30. Qxb4 Qc6 31. Ne4 Rb7 32. Qa5 Rc8 33. f3 Rb2 34. h4
Bxe4 35. Rxe4 Qc2 36. Rg1 Qf2 37. Qa6 Rg8 38. Qe6 d3 39. h5 h6 40. Rg4 d2 41.
Qd7 Qe1 42. Re4 Qxg1+ 43. Kxg1 Rb1+ 44. Kh2 0-1

[Event "IX Weekend A"]
[Site "Catania ITA"]
[Date "2005.02.12"]
[Round "1"]
[White "Russo, Carmelo"]
[Black "Avola, Salvatore"]
[Result "0-1"]
[WhiteElo "1767"]
[BlackElo "1957"]
[PlyCount "82"]
[EventDate "2005.02.12"]

1. Nf3 f5 2. d4 e6 3. g3 b6 4. Bg2 Bb7 5. O-O Be7 6. c4 Nf6 7. Nc3 d6 8. Qb3
Nc6 9. Ng5 Nxd4 10. Qa4+ b5 11. cxb5 Bxg2 12. Kxg2 e5 13. e3 h6 14. exd4 hxg5
15. dxe5 dxe5 16. Bxg5 Kf8 17. Rad1 Qc8 18. Qa6 Qe8 19. Rh1 Qh5 20. Bxf6 Qh3+
21. Kg1 gxf6 22. Qe6 Qh5 23. Qc6 Rc8 24. Rd7 f4 25. Qe6 Re8 26. Rxc7 fxg3 27.
fxg3 Bc5+ 28. Rxc5 Rxe6 29. Rc7 Re7 30. Rc8+ Kf7 31. Rxh8 Qxh8 32. Kf2 Rd7 33.
Ne4 Qa8 34. Re1 Qd5 35. a4 f5 36. Ng5+ Kf6 37. h4 e4 38. Nh3 Qb3 39. Nf4 Qf3+
40. Kg1 Qxg3+ 41. Ng2 Rd2 0-1

[Event "IX Weekend A"]
[Site "Catania ITA"]
[Date "2005.02.12"]
[Round "1"]
[White "Tomaselli, Maurizio"]
[Black "Sileci, Salvatore"]
[Result "1-0"]
[WhiteElo "2052"]
[BlackElo "1844"]
[PlyCount "65"]
[EventDate "2005.02.12"]

1. e4 c5 2. Nf3 d6 3. d4 cxd4 4. Nxd4 Nf6 5. Nc3 g6 6. Be3 Bg7 7. Bc4 O-O 8. f3
Nc6 9. Qd2 Bd7 10. h4 Na5 11. Be2 Rc8 12. Bh6 Nc4 13. Bxc4 Rxc4 14. Bxg7 Kxg7
15. h5 Qb6 16. O-O-O Qa5 17. hxg6 fxg6 18. Qh6+ Kf7 19. Nb3 Qc7 20. g4 Ke8 21.
g5 Nh5 22. Qxh7 Nf4 23. Qg7 Be6 24. Nd4 Bf7 25. Rh8 Rxh8 26. Qxh8+ Kd7 27. Qg7
Be6 28. Ndb5 Qc5 29. Rxd6+ Ke8 30. Qh8+ Kf7 31. Rd8 Qe3+ 32. Kb1 Qe1+ 33. Nd1
1-0

[Event "IX Weekend A"]
[Site "Catania ITA"]
[Date "2005.02.12"]
[Round "1"]
[White "Tricomi, Massimo"]
[Black "Sardo, Gabriele"]
[Result "0-1"]
[WhiteElo "1953"]
[BlackElo "2188"]
[PlyCount "74"]
[EventDate "2005.02.12"]

1. Nf3 d5 2. d4 Nf6 3. Bf4 c5 4. c3 e6 5. e3 Nc6 6. Nbd2 Bd6 7. Ne5 Qc7 8. Bb5
O-O 9. Bxc6 bxc6 10. Bg3 Ba6 11. Qa4 Bb5 12. Qc2 Nh5 13. Ndf3 cxd4 14. exd4 f6
15. Nd3 Bxd3 16. Bxd6 Qxd6 17. Qxd3 Nf4 18. Qf1 c5 19. g3 Ng6 20. Qd3 e5 21.
dxc5 Qxc5 22. Qf5 Rab8 23. Qc2 d4 24. O-O Rfc8 25. Qa4 Qd5 26. cxd4 Qxf3 27.
Qxa7 Rxb2 28. dxe5 Nxe5 29. Rac1 Ra8 30. Qe7 Rb7 31. Qe6+ Rf7 32. Rc8+ Rxc8 33.
Qxc8+ Rf8 34. Qe6+ Kh8 35. a4 Qa8 36. Ra1 Nf3+ 37. Kf1 Nd4 0-1

[Event "IX Weekend A"]
[Site "Catania ITA"]
[Date "2005.02.13"]
[Round "2"]
[White "Casto, Corrado"]
[Black "Pinton, Maurizio"]
[Result "0-1"]
[WhiteElo "2099"]
[BlackElo "2107"]
[PlyCount "114"]
[EventDate "2005.02.12"]

1. d4 d5 2. c4 Nc6 3. Nc3 dxc4 4. d5 Ne5 5. Nf3 Nxf3+ 6. exf3 e5 7. Bxc4 a6 8.
O-O Bd6 9. Re1 Ne7 10. f4 exf4 11. Qf3 b5 12. Bb3 O-O 13. Bxf4 Bb7 14. Bg5 Qd7
15. Rad1 Rae8 16. Ne4 Ng6 17. Bd2 Ne5 18. Qc3 Ng4 19. Nxd6 Qxd6 20. g3 Qb6 21.
Qf3 Ne5 22. Qe3 Qxe3 23. fxe3 Nf3+ 24. Kf2 Nxe1 25. Bb4 Ng2 26. Kxg2 Rxe3 27.
Bxf8 Kxf8 28. Kf2 Re7 29. d6 cxd6 30. Rxd6 g6 31. a4 bxa4 32. Bxa4 Re4 33. Bd1
Rb4 34. Rd2 Ke7 35. Bf3 Bxf3 36. Kxf3 f5 37. Rc2 Kd6 38. Ke3 Kd5 39. Rd2+ Ke5
40. Rc2 Rb3+ 41. Kf2 g5 42. Rc5+ Ke4 43. Rc2 f4 44. gxf4 gxf4 45. Rc4+ Ke5 46.
Rc2 Ke4 47. Rd2 Rh3 48. Kg2 Rd3 49. Rc2 Re3 50. Rd2 f3+ 51. Kf2 Rb3 52. Kg3 Rb7
53. Rc2 Rg7+ 54. Kh3 Ke3 55. b4 f2 56. Rc3+ Kd2 57. Rf3 Ke2 0-1

[Event "IX Weekend A"]
[Site "Catania ITA"]
[Date "2005.02.13"]
[Round "2"]
[White "Imbraguglia, Fabio"]
[Black "Avola, Salvatore"]
[Result "1-0"]
[WhiteElo "2036"]
[BlackElo "1957"]
[PlyCount "101"]
[EventDate "2005.02.12"]

1. d4 d5 2. c4 Bf5 3. cxd5 Bxb1 4. Qa4+ c6 5. dxc6 Nxc6 6. Rxb1 Qxd4 7. Qxd4
Nxd4 8. Nf3 Nc2+ 9. Kd1 Nb4 10. a3 Nc6 11. e3 g6 12. Bb5 Bg7 13. Bxc6+ bxc6 14.
b4 e6 15. Bb2 Bxb2 16. Rxb2 Ne7 17. Ke2 f6 18. Nd4 e5 19. Nb3 Rd8 20. Rd1 Rxd1
21. Kxd1 Nd5 22. Rd2 Ke7 23. Kc2 Rc8 24. Nc5 Nb6 25. Kc3 Rc7 26. e4 Nc8 27. Na6
Rb7 28. Nc5 Rc7 29. f3 Nd6 30. a4 Nb7 31. Nxb7 Rxb7 32. Kc4 Rd7 33. Rxd7+ Kxd7
34. Kc5 Kc7 35. g3 Kd7 36. f4 Kc7 37. fxe5 fxe5 38. b5 cxb5 39. axb5 Kb7 40.
Kd5 Kb6 41. Kxe5 Kxb5 42. Kd6 a5 43. e5 a4 44. e6 a3 45. e7 a2 46. e8=Q+ Kb4
47. Qa8 Kb3 48. Ke6 Kb2 49. Kf7 a1=Q 50. Qxa1+ Kxa1 51. Kg7 1-0

[Event "IX Weekend A"]
[Site "Catania ITA"]
[Date "2005.02.13"]
[Round "2"]
[White "Pierantozzi, Stanislao"]
[Black "Leonardi, Alfio"]
[Result "1/2-1/2"]
[WhiteElo "1814"]
[BlackElo "1816"]
[PlyCount "118"]
[EventDate "2005.02.12"]

1. d4 d5 2. c4 c6 3. Nc3 Nf6 4. Nf3 Bg4 5. e3 e6 6. Bd3 Bd6 7. O-O Qc7 8. h3
Bh5 9. e4 dxe4 10. Nxe4 Nbd7 11. b3 Nxe4 12. Bxe4 Nf6 13. Bc2 O-O 14. Bb2 e5
15. dxe5 Bxf3 16. Qxf3 Bxe5 17. Bc3 Rfe8 18. Rad1 Re7 19. Rfe1 Rae8 20. Bxe5
Rxe5 21. Rxe5 Qxe5 22. Qd3 g6 23. Rf1 c5 24. Bd1 b6 25. Bf3 Kg7 26. Rd1 Ne4 27.
Re1 f5 28. Bd1 Qd4 29. Qxd4+ cxd4 30. f3 Nd6 31. Rxe8 Nxe8 32. Kf2 Kf6 33. f4
Nc7 34. Bf3 h6 35. Ke2 Ne6 36. g3 g5 37. fxg5+ Nxg5 38. Bg2 Ke5 39. Kd3 Ne4 40.
g4 Nc5+ 41. Ke2 fxg4 42. hxg4 Kf4 43. b4 Na6 44. a3 Kxg4 45. Kd3 Kf5 46. Kxd4
Ke6 47. Ke4 Nc7 48. Kd4 Kd7 49. Ke5 Ne8 50. Bh3+ Kc6 51. Bg2+ Kc7 52. Ke6 Nd6
53. Bd5 b5 54. cxb5 Nxb5 55. a4 Kb6 56. a5+ Kc7 57. Bh1 h5 58. Kf5 Nd4+ 59. Kg5
Nc6 1/2-1/2

[Event "IX Weekend A"]
[Site "Catania ITA"]
[Date "2005.02.13"]
[Round "2"]
[White "Santagati, Alessandro"]
[Black "Gangemi, Salvatore"]
[Result "1-0"]
[WhiteElo "2107"]
[BlackElo "2102"]
[PlyCount "63"]
[EventDate "2005.02.12"]

1. d4 Nf6 2. Nf3 d5 3. c4 c6 4. e3 e6 5. Nc3 Nbd7 6. Qc2 dxc4 7. Bxc4 Nb6 8.
Bd3 Nbd5 9. a3 Qa5 10. O-O Nxc3 11. Bd2 Qh5 12. Bxc3 Bd6 13. e4 Be7 14. Rfe1
O-O 15. Ne5 Ng4 16. Nxg4 Qxg4 17. Re3 g6 18. Bd2 Bd6 19. e5 Bc7 20. Re4 Qh5 21.
Be2 Qf5 22. Bg4 Qxe4 23. Qxe4 Rd8 24. Bg5 Rd5 25. Bf6 h5 26. Qf4 Kh7 27. Bxh5
Bb6 28. Bxg6+ fxg6 29. Qh4+ Kg8 30. Qh8+ Kf7 31. Qg7+ Ke8 32. Qe7# 1-0